| 000 | 00829nam a22002777a 4500 | ||
|---|---|---|---|
| 001 | 200460966 | ||
| 003 | TR-AnTOB | ||
| 005 | 20240611135125.0 | ||
| 008 | 240611b tu ||||| |||| 00| 0 tur d | ||
| 020 | _a9786257587600 | ||
| 040 |
_aTR-AnTOB _beng _erda _cTR-AnTOB |
||
| 041 |
_atur _beng |
||
| 092 |
_a372.412 _bJOH 2022 |
||
| 100 |
_qJohn, Jorry. _eAuthor. |
||
| 245 |
_aOkulun ilk günü/ _cJory John ; resimleyen : Liz Climo ; çeviren : Murat Murat ; editör : Didem Demirel |
||
| 250 | _a4.bs. | ||
| 260 |
_aİstanbul : _bKetebe _c2022. |
||
| 300 |
_a36 Pages. : _bill. ; _c27 cm. |
||
| 336 |
_atext _btxt _2rdacontent |
||
| 337 |
_aunmediated _bn _2rdamedia |
||
| 338 |
_avolume _bnc _2rdacarrier |
||
| 490 |
_aKetebe Çocuk : _v35 |
||
| 942 |
_2ddc _cBK |
||
| 999 |
_c200460966 _d79178 |
||